Countries of North America by area smallest to biggest (Whammies) - Statistics

General Stats
  • This quiz has been taken 26 times
  • The average score is 11 of 23
Answer Stats
Km2 Answer % Correct
9,984,670 Canada
77%
1,964,375 Mexico
77%
9,518,644 United States of America
77%
261 St Kitts and Nevis
69%
345 Grenada
62%
389 St Vincent and the Grenadines
54%
442 Antigua and Barbuda
46%
13,940 Bahamas
46%
750 Dominica
46%
48,671 Dominican Republic
46%
130,373 Nicaragua
46%
616 St Lucia
46%
431 Barbados
38%
22,965 Belize
38%
51,180 Costa Rica
38%
109,884 Cuba
38%
21,041 El Salvador
38%
108,889 Guatemala
38%
27,750 Haiti
38%
112,492 Honduras
38%
10,991 Jamaica
38%
75,320 Panama
38%
5,127 Trinidad and Tobago
38%
No matching quizzes found
Score Distribution
Percent of People with Each Score
Percentile by Number Answered
Your Score History
You have not taken this quiz